Normal view
MARC view
Entry Topical Term
001 - CONTROL NUMBER
- control field: 753603
003 - CONTROL NUMBER IDENTIFIER
- control field: OSt
005 - DATE AND TIME OF LATEST TRANSACTION
- control field: 20250430161253.0
008 - FIXED-LENGTH DATA ELEMENTS
- fixed length control field: 250430|| aca||aabn | a|a d
040 ## - CATALOGING SOURCE
- Original cataloging agency: OSt
- Transcribing agency: OSt
150 ## - HEADING--TOPICAL TERM
- Topical term or geographic name entry element: Companies (Amendment) Act
670 ## - SOURCE DATA FOUND
- Source citation: Work cat.: (OSt)1309852: Paranjape, N. V. 753601, New Company Law 2013/, 2014
